01849 2200793 4500001002100000005001500021035002000036007000300056008004100059020002200100082001000122084001600132100002500148245009800173260006800271300003000339650001600369700002000385990001300405990001300418990001300431990001300444990001300457990001300470990001300483990001300496990001300509990001300522990001300535990001300548990001300561990001300574990001300587990001300600990001300613990001300626990001300639990001300652990001300665990001300678990001300691990001300704990001300717990001300730990001300743990001300756990001300769990001300782990001300795990001300808990001300821990001300834990001300847990001300860990001300873990001300886990001300899990001300912990001300925990001300938990001300951990001300964990001300977990001300990990001301003990001301016990001301029990001301042INLIS00000000000092520230221105250 a0010-0223000150ta230221 g 0 ind  a978-602-427-066-7 a294.5 a294.5 I G p0 aI Gusti Ngurah Dwaja1 aPendidikan agama hindu dan budi pekerti :bKelas XII /cI Gusti Ngurah Dwaja, I nengah Mudana aJakarta :bPerpustakaan Nasional: Katalog Dalam Terbitan,c2018 a302 hlm. :bIlus ;c25 cm 4aAgama Hindu0 aI nengah Mudana a14201420 a14201420 a14201420 a14201420 a14201420 a14201420 a14201420 a14201420 a14201420 a14201420 a14201420 a14201420 a14201420 a14201420 a14201420 a14201420 a14201420 a14201420 a14201420 a14201420 a14201420 a14201420 a14201420 a14201420 a14201420 a14201420 a14201420 a14201420 a14201420 a14201420 a14201420 a14201420 a14201420 a14201420 a14201420 a14201420 a14201420 a14201420 a14201420 a14201420 a14201420 a14201420 a14201420 a14201420 a14201420 a14201420 a14201420 a14201420 a14201420 a14201420